=LDR 00000nam 2200000 4500 =001 INLIS000000000033778 =005 20130612135720 =008 ***********************************ind** =035 ##$$0010-061300000033778 =041 ##$$a ind =082 ##$$a 650 =090 ##$$a 650, Eko p =100 ##$$a Ekotsms, Suryono =245 ##$$a Peluang bisnis tahan krisis, Suryono Ekotama =260 ##$$a 2008 $b Yogyakarta =300 ##$$a vii,212 hlm, 21 cm =650 ##$$a Bisnis =850 ##$$a NBPNMAT